Green Day Lyrics - Whatsername - Statistics

General Stats
  • This quiz has been taken 180 times
  • The average score is 166 of 194
Answer Stats
Whatsername % Correct
I
99%
the
99%
The
99%
face,
97%
face?
97%
Then
97%
then
97%
to
97%
What's-
97%
a
96%
be
96%
but
96%
name
96%
remember
96%
Remember,
96%
(Remember,
96%
you
96%
you,
96%
and
95%
And
95%
can't
95%
in
95%
on
95%
recall
94%
She
94%
she
94%
Now
93%
of
93%
street
93%
Whatsername
93%
wonder
93%
been
92%
dream
92%
has
92%
photographs
92%
turn
92%
away
91%
down
91%
it
91%
It
91%
(It
91%
all
90%
ran
90%
Thought
90%
burn
89%
made
89%
point
89%
took
89%
went
89%
different
88%
into
88%
only
88%
path
88%
turned
88%
out
87%
how
86%
ever
84%
his-
84%
like
83%
Seems
83%
seems
83%
Did
82%
marry
82%
whatever
81%
whatever)
81%
ago
80%
ago)
80%
my
80%
trace
80%
without
80%
forever
79%
time
77%
back
76%
disappeared
76%
darkest
75%
not
75%
me
74%
night
74%
mind
73%
are
70%
never
70%
that
70%
Forgetting
69%
If
69%
memory
69%
right
69%
regrets
68%
useless
68%
head,
67%
ol'
66%
I'll
65%
serves
62%
She's
62%
Go,
56%
go,
56%
go
56%
confess
52%
must
52%
so
49%
long
45%
No matching quizzes found
Score Distribution
Percent of People with Each Score
Percentile by Number Answered
Your Score History
You have not taken this quiz